[Event "BCF-chT2 0607 (4NCL)"]
[Site "Sunningdale"]
[Date "2007.03.04"]
[Round "8.6"]
[White "Burrows, Martin P"]
[Black "Nixon, Thomas CM"]
[Result "0-1"]
[WhiteElo "2230"]
[BlackElo "2189"]
[PlyCount "88"]
[EventDate "2006.09.16"]
[EventType "team"]
[EventRounds "11"]
[EventCountry "ENG"]
[SourceTitle "EXT 2008"]
[Source "ChessBase"]
[SourceDate "2007.11.25"]
[SourceVersion "1"]
[SourceVersionDate "2007.11.25"]
[SourceQuality "1"]
[WhiteTeam "Hilsmark Kingfisher II"]
[BlackTeam "Richmond"]
[WhiteTeamCountry "ENG"]
[BlackTeamCountry "ENG"]

1. e4 e5 2. Nf3 Nc6 3. Bb5 a6 4. Ba4 Nf6 5. 0-0 Be7 6. Re1 b5 7. Bb3 d6 8. c3 0-0 9. h3 Na5 10. Bc2 c5 11. d4 Qc7 12. Nbd2 cxd4 13. cxd4 Nc6 14. Nb3 a5 15. Be3 Nb4 16. Bb1 a4 17. Nbd2 Nd7 18. a3 Nc6 19. Bd3 Ba6 20. Rc1 Qb7 21. d5 Na5 22. Nh2 Rac8 23. Rxc8 Rxc8 24. Ndf1 Nc5 25. Bb1 Nc4 26. Bc1 Nb3 27. Bc2 Nxc1 28. Qxc1 Qa7 29. Nf3 Bd8 30. b3 axb3 31. Bxb3 Bb6 32. Re2 Ne3 33. Qe1 Nxf1 34. Qxf1 b4 35. axb4 Bxe2 36. Qxe2 Bxf2+ 37. Kh2 Qe3 38. Bd1 Qxe2 39. Bxe2 Rc2 40. Bd3 Rc3 41. Bf1 h5 42. Nd2 h4 43. b5 Rc2 44. Nb3 Rb2 0-1

[Event "BCF-chT2 0506 (4NCL)"]
[Site "Birmingham"]
[Date "2005.10.22"]
[Round "1.5"]
[White "Nixon, Thomas CM"]
[Black "Player, Edmund C"]
[Result "1-0"]
[WhiteElo "2216"]
[BlackElo "2123"]
[PlyCount "65"]
[EventDate "2005.10.22"]
[EventType "team"]
[EventRounds "11"]
[EventCountry "ENG"]
[SourceTitle "EXT 2007"]
[Source "ChessBase"]
[SourceDate "2006.11.23"]
[SourceVersion "1"]
[SourceVersionDate "2006.11.23"]
[SourceQuality "1"]
[WhiteTeam "Richmond"]
[BlackTeam "PYO"]
[WhiteTeamCountry "ENG"]
[BlackTeamCountry "ENG"]

1. d4 d5 2. Bf4 Nf6 3. e3 c5 4. c3 Qb6 5. Qb3 c4 6. Qc2 g6 7. Nd2 Bf5 8. Qc1 Nbd7 9. h3 h5 10. Ngf3 Bg7 11. Ne5 Nxe5 12. Bxe5 0-0 13. b3 cxb3 14. axb3 Ne4 15. Nxe4 Bxe4 16. f3 f6 17. Bh2 Bf5 18. g4 hxg4 19. hxg4 Bd7 20. Bd3 f5 21. gxf5 Bxf5 22. e4 dxe4 23. fxe4 Bg4 24. Rg1 Qf6 25. Qe3 Bh6 26. Qg3 Bh5 27. e5 Qc6 28. Bxg6 Kh8 29. Bxh5 Qe4+ 30. Kd1 Rg8 31. Bg6 Rxg6 32. Qxg6 Qf3+ 33. Kc2 1-0

[Event "BCF-ch 92nd"]
[Site "Douglas"]
[Date "2005.08.09"]
[Round "8"]
[White "Bonafont, Philip"]
[Black "Nixon, Thomas CM"]
[Result "0-1"]
[WhiteElo "2116"]
[BlackElo "2195"]
[PlyCount "30"]
[EventDate "2005.08.01"]
[EventType "swiss"]
[EventRounds "11"]
[EventCountry "ENG"]
[SourceTitle "CBM 107 Extra"]
[Source "ChessBase"]
[SourceDate "2005.09.01"]
[SourceVersion "1"]
[SourceVersionDate "2005.09.01"]
[SourceQuality "1"]

1. d4 Nf6 2. Nf3 e6 3. c4 b6 4. g3 Ba6 5. b3 d5 6. Bg2 dxc4 7. Ne5 Bb4+ 8. Bd2 cxb3 9. Bxb4 b2 10. Bxa8 bxa1Q 11. Qa4+ b5 12. Qb3 Qdxd4 13. Nd3 Qc4 14. Qd1 Nd5 15. Bc5 Nc3 0-1

[Event "BCF-ch 92nd"]
[Site "Douglas"]
[Date "2005.08.04"]
[Round "4"]
[White "Nixon, Thomas CM"]
[Black "Pym, Thomas TW"]
[Result "1-0"]
[WhiteElo "2195"]
[BlackElo "2099"]
[PlyCount "45"]
[EventDate "2005.08.01"]
[EventType "swiss"]
[EventRounds "11"]
[EventCountry "ENG"]
[SourceTitle "CBM 107 Extra"]
[Source "ChessBase"]
[SourceDate "2005.09.01"]
[SourceVersion "1"]
[SourceVersionDate "2005.09.01"]
[SourceQuality "1"]

1. d4 Nf6 2. Nf3 c5 3. d5 d6 4. c4 b5 5. Qc2 Bg4 6. Nfd2 g6 7. cxb5 Nxd5 8. g3 Nd7 9. Bg2 N7b6 10. Nc3 Be6 11. a3 Bg7 12. Nxd5 Bxd5 13. e4 Bb7 14. a4 a6 15. Qb3 0-0 16. a5 axb5 17. Qxb5 Ra6 18. Ra3 Qa8 19. axb6 Rxa3 20. bxa3 Ba6 21. Qa5 f5 22. Bf1 c4 23. Qxa6 1-0

[Event "Bunratty Masters op 12th"]
[Site "Bunratty"]
[Date "2005.02.20"]
[Round "6"]
[White "Nixon, Thomas CM"]
[Black "McPhillips, Karl"]
[Result "1/2-1/2"]
[WhiteElo "2195"]
[BlackElo "2242"]
[PlyCount "21"]
[EventDate "2005.02.18"]
[EventType "swiss"]
[EventRounds "6"]
[EventCountry "IRL"]
[SourceTitle "EXT 2006"]
[Source "ChessBase"]
[SourceDate "2005.11.24"]
[SourceVersion "1"]
[SourceVersionDate "2005.11.24"]
[SourceQuality "1"]

1. d4 Nf6 2. c4 e6 3. Nf3 d5 4. Nc3 Be7 5. Bg5 0-0 6. e3 b6 7. Rc1 Bb7 8. Bd3 dxc4 9. Bxc4 Nbd7 10. 0-0 c5 11. Be2 1/2-1/2

[Event "Bunratty Masters op 12th"]
[Site "Bunratty"]
[Date "2005.02.19"]
[Round "2"]
[White "Nixon, Thomas CM"]
[Black "Jeffares, Simon"]
[Result "1-0"]
[WhiteElo "2195"]
[BlackElo "2077"]
[PlyCount "72"]
[EventDate "2005.02.18"]
[EventType "swiss"]
[EventRounds "6"]
[EventCountry "IRL"]
[SourceTitle "EXT 2006"]
[Source "ChessBase"]
[SourceDate "2005.11.24"]
[SourceVersion "1"]
[SourceVersionDate "2005.11.24"]
[SourceQuality "1"]

1. d4 Nf6 2. c4 e6 3. Nf3 c5 4. d5 exd5 5. cxd5 d6 6. Nc3 g6 7. Nd2 Nbd7 8. g3 a6 9. a4 Bg7 10. Nc4 Nb6 11. Na3 0-0 12. a5 Nbd7 13. Nc4 Qe7 14. Bg2 Ne5 15. Nb6 Rb8 16. f4 Ned7 17. Nc4 b5 18. axb6 Nxb6 19. Na5 Bd7 20. Bf3 Ne8 21. 0-0 Nc7 22. e4 Nb5 23. Ne2 Nd4 24. Nxd4 Bxd4+ 25. Kg2 Qf6 26. Qc2 Bb5 27. Rd1 Qg7 28. Ra2 c4 29. Nc6 Bxc6 30. dxc6 Ra8 31. Qd2 Bc5 32. Ra5 c3 33. Qxc3 f6 34. Rxc5 Na4 35. Qc4+ Qf7 36. Qxf7+ Rxf7 1-0

[Event "BCF-chT 0405 (4NCL)"]
[Site "West Bromwich"]
[Date "2004.09.18"]
[Round "1.5"]
[White "Conquest, Stuart"]
[Black "Nixon, Thomas CM"]
[Result "1-0"]
[WhiteElo "2488"]
[BlackElo "2198"]
[PlyCount "49"]
[EventDate "2004.09.18"]
[EventType "team"]
[EventRounds "11"]
[EventCountry "ENG"]
[SourceTitle "EXT 2006"]
[Source "ChessBase"]
[SourceDate "2005.11.24"]
[SourceVersion "1"]
[SourceVersionDate "2005.11.24"]
[SourceQuality "1"]
[WhiteTeam "Guildford"]
[BlackTeam "Richmond"]
[WhiteTeamCountry "ENG"]
[BlackTeamCountry "ENG"]

1. d4 Nf6 2. c4 e6 3. Nc3 Bb4 4. e3 Nc6 5. Nf3 Qe7 6. Be2 e5 7. 0-0 Bxc3 8. bxc3 0-0 9. c5 Ne4 10. Qc2 f5 11. Ba3 Kh8 12. Bb5 exd4 13. cxd4 Nd8 14. Ne5 b6 15. Rac1 bxc5 16. f3 Nf6 17. Bxc5 d6 18. Ba3 Nd5 19. Rfe1 f4 20. e4 Ne3 21. Qxc7 Qg5 22. Rxe3 fxe3 23. Qxd6 Rf4 24. Rxc8 Rxc8 25. Qd7 1-0

[Event "GBR-ch"]
[Site "Scarborough"]
[Date "2004.08.09"]
[Round "7"]
[White "Nixon, Thomas CM"]
[Black "Briscoe, Christopher"]
[Result "0-1"]
[WhiteElo "2198"]
[BlackElo "2157"]
[PlyCount "80"]
[EventDate "2004.08.02"]
[EventType "swiss"]
[EventRounds "11"]
[EventCountry "ENG"]
[SourceTitle "CBM 101 Extra"]
[Source "ChessBase"]
[SourceDate "2004.09.01"]
[SourceVersion "2"]
[SourceVersionDate "2004.09.01"]
[SourceQuality "1"]

1. d4 c5 2. d5 f5 3. Nc3 Nf6 4. Bg5 Qb6 5. Qd3 Qxb2 6. Rb1 Qa3 7. Bc1 Qa5 8. Rb5 Qc7 9. Qxf5 g6 10. Qd3 b6 11. Rb1 Ba6 12. Nb5 Bxb5 13. Rxb5 Na6 14. a3 Nb4 15. axb4 a6 16. Bb2 axb5 17. e4 c4 18. Qd4 e5 19. dxe6 Bxb4+ 20. Ke2 0-0 21. e7 Bxe7 22. g4 Bc5 23. Qc3 Qf4 24. f3 d5 25. Nh3 d4 26. Nxf4 dxc3 27. Bxc3 Nxe4 28. fxe4 Rxf4 29. e5 Rf2+ 30. Kd1 Ra2 31. Be2 Rxe2 32. Kxe2 Rxc2+ 33. Bd2 Bb4 34. Rb1 Bxd2 35. Rxb5 Ba5+ 36. Kf3 Rxh2 37. e6 Kf8 38. Ke4 c3 39. Rb1 c2 40. Rc1 Bb4 0-1

[Event "Smith & Williamson YM 13th"]
[Site "Millfield"]
[Date "2003.07.17"]
[Round "9"]
[White "Pinter, Gabor"]
[Black "Nixon, Thomas CM"]
[Result "0-1"]
[WhiteElo "2376"]
[BlackElo "2226"]
[PlyCount "20"]
[EventDate "2003.07.09"]
[EventType "swiss"]
[EventRounds "9"]
[EventCountry "ENG"]
[SourceTitle "CBM 095 Extra"]
[Source "ChessBase"]
[SourceDate "2003.09.04"]
[SourceVersion "1"]
[SourceVersionDate "2003.09.04"]
[SourceQuality "1"]

1. e4 e5 2. Nf3 Nc6 3. d4 exd4 4. Nxd4 Nf6 5. Nxc6 bxc6 6. Nd2 Bc5 7. Bd3 d6 8. a4 Ng4 9. 0-0 Qh4 10. Nf3 Nxf2 0-1

[Event "BCF-ch"]
[Site "Edinburgh"]
[Date "2003.07.16"]
[Round "3"]
[White "Nixon, Thomas CM"]
[Black "Mannion, Stephen R"]
[Result "1/2-1/2"]
[WhiteElo "2226"]
[BlackElo "2339"]
[PlyCount "63"]
[EventDate "2003.07.14"]
[EventType "swiss"]
[EventRounds "11"]
[EventCountry "SCO"]
[SourceTitle "CBM 095 Extra"]
[Source "ChessBase"]
[SourceDate "2003.09.04"]
[SourceVersion "1"]
[SourceVersionDate "2003.09.04"]
[SourceQuality "1"]

1. d4 Nf6 2. c4 c5 3. d5 b5 4. cxb5 a6 5. f3 axb5 6. e4 Qa5+ 7. Bd2 b4 8. Na3 d6 9. Nc4 Qd8 10. a3 e6 11. dxe6 Bxe6 12. axb4 Rxa1 13. Qxa1 d5 14. Ne5 Bd6 15. Bb5+ Ke7 16. exd5 Nxd5 17. Nd3 cxb4 18. Qa7+ Nd7 19. Ne2 Qb6 20. Qxb6 N7xb6 21. Nd4 Rc8 22. 0-0 Bd7 23. Re1+ Kd8 24. Rc1 Rxc1+ 25. Bxc1 Bxb5 26. Nxb5 Be7 27. Nd4 Kc7 28. Kf2 Nc4 29. Ke2 Kb6 30. g3 Bf6 31. Nb3 Kc6 32. Nd2 1/2-1/2

[Event "BCF-chT 0203 (4NCL)"]
[Site "West Bromwich"]
[Date "2003.03.09"]
[Round "6.6"]
[White "Nixon, Thomas CM"]
[Black "Rendle, Thomas E"]
[Result "1/2-1/2"]
[WhiteElo "2204"]
[BlackElo "2238"]
[PlyCount "154"]
[EventDate "2002.11.??"]
[EventType "team"]
[EventRounds "11"]
[EventCountry "ENG"]
[SourceTitle "EXT 2004"]
[Source "ChessBase"]
[SourceDate "2003.11.25"]
[SourceVersion "1"]
[SourceVersionDate "2003.11.25"]
[SourceQuality "1"]
[WhiteTeam "Richmond"]
[BlackTeam "PYO"]
[WhiteTeamCountry "ENG"]
[BlackTeamCountry "ENG"]

1. d4 f5 2. Nf3 g6 3. g3 Nf6 4. Bg2 Bg7 5. 0-0 0-0 6. c4 d6 7. d5 Nbd7 8. Nd4 Ne5 9. b3 Ne4 10. Bb2 Nc5 11. Nd2 a5 12. a3 Bd7 13. Qc2 Qc8 14. e3 Qe8 15. f4 Ng4 16. Rae1 Nf6 17. b4 axb4 18. axb4 Na6 19. Qb3 Qb8 20. Rc1 Qa7 21. Nb5 Qb8 22. Nd4 Qa7 23. h3 Kh8 24. Kh2 Qb6 25. Ba3 Nh5 26. Qc3 c5 27. dxc6 bxc6 28. c5 dxc5 29. bxc5 Qc7 30. Qc4 e5 31. N4f3 exf4 32. exf4 Qa5 33. Ra1 Qb5 34. Rab1 Qa5 35. Ra1 Qc7 36. Ra2 Nb8 37. Ne5 Be8 38. Bb2 Rxa2 39. Qxa2 Nf6 40. Ndc4 Bf7 41. Nxf7+ Qxf7 42. Qa4 Qe6 43. Be5 Nbd7 44. Bd6 Rc8 45. Na5 Nd5 46. Qc4 Qe8 47. Qc1 Ra8 48. Re1 Qc8 49. Nc4 Ra1 50. Qd2 Bc3 51. Qxc3+ Nxc3 52. Rxa1 Ne4 53. Bxe4 fxe4 54. Ra7 e3 55. Nxe3 Qe8 56. Ng2 Kg8 57. Rc7 Nf6 58. Be5 Qe6 59. g4 Ne8 60. Rb7 Qd5 61. Rb8 Kf7 62. Rb7+ Kf8 63. Rxh7 Qxc5 64. h4 Kg8 65. Rh8+ Kf7 66. h5 gxh5 67. Rxh5 Qc2 68. Rh6 Ke7 69. g5 c5 70. g6 c4 71. g7 Kf7 72. Rb6 Qe4 73. Ra6 Kg8 74. Ra7 Qh7+ 75. Kg1 Qb1+ 76. Kh2 Qh7+ 77. Kg1 Qb1+ 1/2-1/2

[Event "BCF-chT 0203 (4NCL)"]
[Site "West Bromwich"]
[Date "2003.01.18"]
[Round "3.6"]
[White "Howell, David"]
[Black "Nixon, Thomas CM"]
[Result "1-0"]
[WhiteElo "2257"]
[BlackElo "2204"]
[PlyCount "85"]
[EventDate "2002.11.??"]
[EventType "team"]
[EventRounds "11"]
[EventCountry "ENG"]
[SourceTitle "EXT 2004"]
[Source "ChessBase"]
[SourceDate "2003.11.25"]
[SourceVersion "1"]
[SourceVersionDate "2003.11.25"]
[SourceQuality "1"]
[WhiteTeam "Slough"]
[BlackTeam "Richmond"]
[WhiteTeamCountry "ENG"]
[BlackTeamCountry "ENG"]

1. e4 e5 2. Nf3 Nc6 3. Bb5 a6 4. Bxc6 dxc6 5. 0-0 f6 6. d4 exd4 7. Nxd4 Bd6 8. Nf5 Bxf5 9. exf5 Qd7 10. Re1+ Be5 11. Qh5+ Qf7 12. Qh3 0-0-0 13. Nd2 Kb8 14. Nf3 Bd6 15. Be3 Ne7 16. Nd4 g6 17. Rad1 Be5 18. Qf3 Bxd4 19. fxg6 hxg6 20. Bxd4 Nf5 21. Bc3 Rdf8 22. h3 Nh4 23. Qg4 Nf5 24. b3 Rh4 25. Qe2 g5 26. Qd3 Nd6 27. f3 f5 28. Be5 Rh6 29. c4 c5 30. Qd5 Qg6 31. Rd2 Rd8 32. Qxc5 g4 33. Bf4 Re8 34. Red1 gxf3 35. Bxh6 Qxh6 36. Rxd6 f2+ 37. Qxf2 cxd6 38. Qxf5 Re2 39. Qd3 Re6 40. Kh1 Qh4 41. Rf1 Qe7 42. Qg3 Re2 43. c5 1-0

[Event "BCF-chT 0203 (4NCL)"]
[Site "West Bromwich"]
[Date "2002.11.23"]
[Round "1.7"]
[White "Nixon, Thomas CM"]
[Black "Povah, Nigel Edward"]
[Result "1/2-1/2"]
[WhiteElo "2204"]
[BlackElo "2360"]
[PlyCount "114"]
[EventDate "2002.11.??"]
[EventType "team"]
[EventRounds "11"]
[EventCountry "ENG"]
[SourceTitle "EXT 2004"]
[Source "ChessBase"]
[SourceDate "2003.11.25"]
[SourceVersion "1"]
[SourceVersionDate "2003.11.25"]
[SourceQuality "1"]
[WhiteTeam "Richmond"]
[BlackTeam "Guildford"]
[WhiteTeamCountry "ENG"]
[BlackTeamCountry "ENG"]

1. d4 Nf6 2. c4 e6 3. Nf3 c5 4. g3 cxd4 5. Nxd4 d5 6. Bg2 e5 7. Nf3 d4 8. 0-0 Nc6 9. Qb3 Nd7 10. Nfd2 Nc5 11. Qd1 Be7 12. a3 a5 13. Ne4 Ne6 14. e3 f5 15. exd4 exd4 16. Ned2 0-0 17. Bd5 Kh8 18. f4 Bf6 19. Ra2 Nc5 20. b3 Be6 21. Bg2 Nd3 22. Nf3 Nxc1 23. Qxc1 Qb6 24. Nbd2 Rfe8 25. Ne1 d3+ 26. Kh1 Rad8 27. Qb1 Bf7 28. Nxd3 Re2 29. Bf3 Re3 30. Nc1 Nd4 31. Bg2 Be8 32. c5 Qxc5 33. Nc4 Re7 34. Nd3 Qb5 35. Nde5 Nxb3 36. a4 Qb4 37. Rb2 Bxa4 38. Rd1 Rxd1+ 39. Qxd1 Rc7 40. Bd5 h6 41. Rxb3 Bxb3 42. Qxb3 Qe1+ 43. Kg2 Qe2+ 44. Kg1 Bxe5 45. fxe5 Rc5 46. Bf7 b5 47. Qa3 Qe1+ 48. Kg2 Qe4+ 49. Kh3 Rc8 50. Be6 b4 51. Qa4 Rf8 52. Nd6 Qf3 53. Qd7 Qg4+ 54. Kg2 Qe2+ 55. Kh3 Qg4+ 56. Kg2 Qe2+ 57. Kh3 Qg4+ 1/2-1/2